000 00286nam a22001337a 4500
082 _a894.812
_bSWA/M
100 _aSWAMINATHAN, T.B
245 _aMANANAMANJARI
260 _aTHRISSUR
_bSWAMINATHAN, T.B
_c2007
300 _a57
520 _aRELIGIOUS
650 _aRELIGIOUS
942 _cBK
999 _c5499
_d5499